[Event "Haarlem Nova College op 16th"]
[Site "Haarlem"]
[Date "2019.06.29"]
[Round "3"]
[White "Van Oosterom, Chiel"]
[Black "Merbis, Max"]
[Result "1-0"]
[WhiteElo "2397"]
[BlackElo "2103"]
[PlyCount "105"]
[EventDate "2019.06.28"]
[EventType "swiss"]
[EventRounds "6"]
[EventCountry "NED"]
[SourceTitle "CBM 191 Extra"]
[Source "ChessBase"]
[SourceDate "2019.09.30"]
[SourceVersion "1"]
[SourceVersionDate "2019.09.30"]
[SourceQuality "1"]

1. c4 e6 2. g3 d5 3. Bg2 Nf6 4. Nf3 Be7 5. 0-0 0-0 6. b3 b6 7. Bb2 Bb7 8. e3 c5 9. Nc3 Nc6 10. cxd5 Nxd5 11. Nxd5 exd5 12. d4 Re8 13. Qd2 Bf6 14. dxc5 Bxb2 15. Qxb2 bxc5 16. Rfd1 Qd6 17. Rac1 Rac8 18. Ng5 Nb4 19. a3 Na6 20. Qb1 g6 21. Bxd5 Bxd5 22. e4 h6 23. Rxd5 Qe7 24. Nf3 Qxe4 25. Qxe4 Rxe4 26. Rd7 Nb8 27. Rxa7 Nc6 28. Rd7 Rb8 29. Rxc5 Rxb3 30. Nd2 Re1+ 31. Kg2 Rb6 32. Nc4 Ra6 33. h4 Re6 34. h5 gxh5 35. Rxh5 Ra4 36. Rc5 Kg7 37. Rb7 Nd8 38. Rb8 Rc6 39. Rb4 Rca6 40. Rc8 Ne6 41. Rbb8 Kf6 42. Rb3 Kg7 43. Rb4 Ra7 44. Rbb8 Kf6 45. Ne3 Rd7 46. Rh8 Rxa3 47. Ng4+ Ke7 48. Rbe8+ Kd6 49. Nxh6 Ra2 50. Rh7 Ng5 51. Rg7 f6 52. Rg6 Re7 53. Nf5+ 1-0

[Event "Haarlem Nova College op 15th"]
[Site "Haarlem"]
[Date "2017.07.02"]
[Round "5"]
[White "Van Oosterom, Chiel"]
[Black "Admiraal, Miguoel"]
[Result "1/2-1/2"]
[WhiteElo "2378"]
[BlackElo "2447"]
[PlyCount "106"]
[EventDate "2017.06.30"]
[EventType "swiss"]
[EventRounds "6"]
[EventCountry "NED"]
[SourceTitle "CBM 179 Extra"]
[Source "ChessBase"]
[SourceDate "2017.08.23"]
[SourceVersion "1"]
[SourceVersionDate "2017.08.23"]
[SourceQuality "1"]

1. e4 c6 2. d4 d5 3. exd5 cxd5 4. c4 Nf6 5. Nc3 Nc6 6. Bg5 Ne4 7. Nxe4 dxe4 8. d5 Ne5 9. Qd4 f6 10. Qxe4 Qb6 11. 0-0-0 Qxf2 12. Be3 Bf5 13. Bxf2 Bxe4 14. Rd4 Bf5 15. Nf3 g6 16. c5 Bh6+ 17. Kd1 Ng4 18. Bb5+ Kf7 19. Bg3 Be3 20. Re1 Nf2+ 21. Bxf2 Bxf2 22. Bc4 Bxe1 23. Kxe1 a5 24. g4 Bd7 25. Rf4 Kg7 26. Re4 Rhe8 27. a3 a4 28. Nd4 Ra5 29. c6 bxc6 30. dxc6 Bc8 31. Ne6+ Bxe6 32. Bxe6 f5 33. gxf5 gxf5 34. Re3 Kf6 35. Bd7 Raa8 36. Re6+ Kf7 37. c7 Red8 38. cxd8Q Rxd8 39. Re5 Rxd7 40. Rxf5+ Ke6 41. Rf4 Rb7 42. Rxa4 Rxb2 43. Rh4 Ra2 44. Rxh7 Rxa3 45. Ke2 Kf6 46. Rh6+ Kf5 47. Rh5+ Kg6 48. Rh8 e5 49. Rg8+ Kf5 50. Rg3 Rxg3 51. hxg3 Kg4 52. Ke3 e4 53. Kxe4 Kxg3 1/2-1/2

[Event "Haarlem Nova College op 15th"]
[Site "Haarlem"]
[Date "2017.07.01"]
[Round "3"]
[White "Van Oosterom, Chiel"]
[Black "Pruijssers, Roeland"]
[Result "0-1"]
[WhiteElo "2378"]
[BlackElo "2502"]
[PlyCount "64"]
[EventDate "2017.06.30"]
[EventType "swiss"]
[EventRounds "6"]
[EventCountry "NED"]
[SourceTitle "CBM 179 Extra"]
[Source "ChessBase"]
[SourceDate "2017.08.23"]
[SourceVersion "1"]
[SourceVersionDate "2017.08.23"]
[SourceQuality "1"]

1. c4 f5 2. g3 Nf6 3. Bg2 g6 4. Nc3 Bg7 5. Nf3 0-0 6. 0-0 d6 7. d4 Qe8 8. d5 Na6 9. Rb1 Nc5 10. Nb5 Qd8 11. Nbd4 a5 12. Qc2 Bd7 13. Ng5 Qc8 14. b3 c6 15. a3 h6 16. b4 axb4 17. axb4 hxg5 18. dxc6 bxc6 19. bxc5 dxc5 20. Nb3 f4 21. Nxc5 Bf5 22. Nd3 e5 23. e4 Bxe4 24. Bxe4 Nxe4 25. Nxe5 Qf5 26. Re1 Rae8 27. Ba3 Rxe5 28. Bxf8 Bxf8 29. f3 Nxg3 30. Qxf5 Rxe1+ 31. Rxe1 Nxf5 32. Re6 Nd4 0-1

[Event "Oberliga NRW 1617"]
[Site "Germany"]
[Date "2017.03.26"]
[Round "8.2"]
[White "Thiel, Thomas"]
[Black "Van Oosterom, Chiel"]
[Result "1-0"]
[WhiteElo "2278"]
[BlackElo "2387"]
[PlyCount "53"]
[EventDate "2016.09.25"]
[EventType "team-tourn"]
[EventRounds "9"]
[EventCountry "GER"]
[SourceTitle "EXT 2020"]
[Source "ChessBase"]
[SourceDate "2019.10.17"]
[SourceVersion "1"]
[SourceVersionDate "2019.10.17"]
[SourceQuality "1"]
[WhiteTeam "Wattenscheid"]
[BlackTeam "Aachen Aufwaerts II"]
[WhiteTeamCountry "GER"]
[BlackTeamCountry "GER"]

1. e4 c5 2. Nc3 Nc6 3. Nge2 e5 4. Nd5 d6 5. Nec3 a6 6. a4 g6 7. Bc4 Bg7 8. d3 h5 9. Bd2 Be6 10. 0-0 Nh6 11. Qc1 Nd4 12. Re1 b6 13. Nd1 Ra7 14. c3 Nc6 15. b4 cxb4 16. Be3 bxc3 17. Bxb6 Qd7 18. Bxa7 Qxa7 19. Bb5 Bxd5 20. exd5 axb5 21. axb5 Na5 22. Qxc3 0-0 23. Rxa5 Qb6 24. Qb4 Rb8 25. Ne3 e4 26. dxe4 Bd4 27. h3 1-0

[Event "BEL-chT 1617"]
[Site "Belgium"]
[Date "2017.02.19"]
[Round "8.5"]
[White "Van der Lende, Ilias"]
[Black "Van Oosterom, Chiel"]
[Result "1-0"]
[WhiteElo "2347"]
[BlackElo "2389"]
[PlyCount "51"]
[EventDate "2016.10.02"]
[EventType "team-tourn"]
[EventRounds "11"]
[EventCountry "BEL"]
[SourceTitle "EXT 2018"]
[Source "ChessBase"]
[SourceDate "2017.10.13"]
[SourceVersion "1"]
[SourceVersionDate "2017.10.13"]
[SourceQuality "1"]
[WhiteTeam "Wachtebeke"]
[BlackTeam "KGSRL"]
[WhiteTeamCountry "BEL"]
[BlackTeamCountry "BEL"]

1. d4 f5 2. Nf3 Nf6 3. g3 g6 4. Bg2 Bg7 5. 0-0 0-0 6. b3 d6 7. Bb2 Qe8 8. Re1 c6 9. Nbd2 Ne4 10. Nxe4 fxe4 11. Nd2 d5 12. f3 e5 13. dxe5 Bxe5 14. Bxe5 Qxe5 15. fxe4 Nd7 16. exd5 Qe3+ 17. Kh1 Nf6 18. Nc4 Qh6 19. dxc6 bxc6 20. Qd2 Qh5 21. Bxc6 Be6 22. Qd6 Rae8 23. Rf1 Bf5 24. Bxe8 Nxe8 25. Qd5+ Kg7 26. Qf3 1-0

[Event "Oberliga NRW 1516"]
[Site "Germany"]
[Date "2015.11.22"]
[Round "3.3"]
[White "Pauly, Carlo"]
[Black "Van Oosterom, Chiel"]
[Result "0-1"]
[WhiteElo "2239"]
[BlackElo "2403"]
[PlyCount "84"]
[EventDate "2015.09.27"]
[EventType "team-tourn"]
[EventRounds "9"]
[EventCountry "GER"]
[SourceTitle "EXT 2017"]
[Source "ChessBase"]
[SourceDate "2016.10.25"]
[SourceVersion "1"]
[SourceVersionDate "2016.10.25"]
[SourceQuality "1"]
[WhiteTeam "Koeln Porz II"]
[BlackTeam "Aachen Aufwaerts II"]
[WhiteTeamCountry "GER"]
[BlackTeamCountry "GER"]

1. d4 f5 2. c4 Nf6 3. g3 d6 4. Bg2 g6 5. Nc3 Bg7 6. Nf3 0-0 7. 0-0 Qe8 8. Re1 e5 9. dxe5 dxe5 10. e4 Nc6 11. Nd5 fxe4 12. Ng5 Nxd5 13. cxd5 Nd4 14. Nxe4 Kh8 15. Be3 Qb5 16. Rc1 Qxd5 17. Rxc7 Qd8 18. Rc1 Be6 19. b3 Bd5 20. h4 Rc8 21. Rxc8 Qxc8 22. h5 gxh5 23. Qxh5 Bf7 24. Qg5 Bg6 25. Qe7 Qc2 26. Ng5 Qxa2 27. Qxb7 a5 28. Bd5 Qb2 29. Qa6 Nc2 30. Rf1 Nxe3 31. fxe3 Rxf1+ 32. Qxf1 Qd2 33. Qf3 h6 34. Bf7 Qc1+ 35. Kh2 Qc2+ 36. Kg1 Qb1+ 37. Kf2 Qc2+ 38. Kg1 Qb1+ 39. Kf2 hxg5 40. g4 Qc2+ 41. Kg3 e4 42. Qh1+ Bh7 0-1

[Event "Haarlem BDO-B 10th"]
[Site "Haarlem"]
[Date "2014.10.17"]
[Round "7"]
[White "Bosboom, Manuel"]
[Black "Van Oosterom, Chiel"]
[Result "0-1"]
[WhiteElo "2442"]
[BlackElo "2384"]
[PlyCount "96"]
[EventDate "2014.10.11"]
[EventType "tourn"]
[EventRounds "9"]
[EventCountry "NED"]
[EventCategory "5"]
[SourceTitle "EXT 2015"]
[Source "ChessBase"]
[SourceDate "2014.11.20"]
[SourceVersion "1"]
[SourceVersionDate "2014.11.20"]
[SourceQuality "1"]

1. b3 e5 2. Bb2 Nc6 3. e3 d6 4. c4 g6 5. Nc3 Bg7 6. g3 h5 7. h4 Nge7 8. Bg2 0-0 9. a3 Bg4 10. Nge2 Qd7 11. d3 a6 12. Qc2 Rab8 13. Rc1 Rfe8 14. Ne4 Nd8 15. b4 b6 16. N2c3 c6 17. Qa4 b5 18. Qxa6 bxc4 19. dxc4 Ne6 20. Qa4 Ra8 21. Qb3 d5 22. cxd5 cxd5 23. Nd2 e4 24. Bf1 Red8 25. Ne2 d4 26. exd4 Nxd4 27. Bxd4 Bxd4 28. Nxe4 Bg7 29. Bg2 Nc6 30. Qe3 Nd4 31. Nxd4 Bxd4 32. Qf4 Be5 33. Nf6+ Bxf6 34. 0-0 Ra6 35. Rc7 Qd6 36. Qc1 Bd4 37. Kh2 Qf6 38. b5 Rb6 39. a4 Be5 40. Rc5 Qxh4+ 41. Kg1 Qf6 42. a5 Rbd6 43. a6 Bd4 44. a7 Bxc5 45. Qxc5 Bf3 46. Qa3 Bxg2 47. Kxg2 Ra8 48. Rc1 Qe7 0-1

[Event "Haarlem BDO-B 10th"]
[Site "Haarlem"]
[Date "2014.10.15"]
[Round "5"]
[White "Admiraal, Miguoel"]
[Black "Van Oosterom, Chiel"]
[Result "1/2-1/2"]
[WhiteElo "2336"]
[BlackElo "2384"]
[PlyCount "84"]
[EventDate "2014.10.11"]
[EventType "tourn"]
[EventRounds "9"]
[EventCountry "NED"]
[EventCategory "5"]
[SourceTitle "EXT 2015"]
[Source "ChessBase"]
[SourceDate "2014.11.20"]
[SourceVersion "1"]
[SourceVersionDate "2014.11.20"]
[SourceQuality "1"]

1. d4 f5 2. Bg5 g6 3. Nc3 Bg7 4. h4 h6 5. Bf4 Nf6 6. e3 e6 7. Qf3 d6 8. Qg3 Kf7 9. 0-0-0 Qe7 10. Bc4 Nbd7 11. Bb3 Nb6 12. Qf3 a5 13. a3 a4 14. Ba2 Bd7 15. Qxb7 Rhb8 16. Qf3 Nbd5 17. Nge2 Bc6 18. Nxd5 Nxd5 19. Qh3 Ra6 20. c3 Nf6 21. f3 Bd5 22. Bb1 e5 23. dxe5 dxe5 24. Bg5 hxg5 25. hxg5 Qc5 26. gxf6 Qxe3+ 27. Rd2 Rxb2 28. Bc2 Rxf6 29. f4 Rxc2+ 30. Kxc2 Qe4+ 31. Qd3 Qxd3+ 32. Kxd3 Bxg2 33. fxe5 Re6 34. Rh4 Be4+ 35. Kc4 Bxe5 36. Rd7+ Kf6 37. Nd4 Rb6 38. Rhh7 Bg2 39. Rde7 Bf1+ 40. Kd5 Bg2+ 41. Kc4 Bf1+ 42. Kd5 Bg2+ 1/2-1/2

[Event "Delft Prinsenstad op-A 7th"]
[Site "Delft"]
[Date "2014.04.19"]
[Round "3"]
[White "Gerlagh, Joris"]
[Black "Van Oosterom, Chiel"]
[Result "1-0"]
[WhiteElo "2072"]
[BlackElo "2392"]
[PlyCount "83"]
[EventDate "2014.04.18"]
[EventType "swiss"]
[EventRounds "6"]
[EventCountry "NED"]
[SourceTitle "CBM 159 Extra"]
[Source "ChessBase"]
[SourceDate "2014.04.24"]
[SourceVersion "1"]
[SourceVersionDate "2014.04.24"]
[SourceQuality "1"]

1. d4 f5 2. Nf3 Nf6 3. g3 g6 4. Bg2 Bg7 5. c4 0-0 6. Nc3 d6 7. 0-0 Qe8 8. Bf4 h6 9. d5 Na6 10. Nd4 Bd7 11. e4 g5 12. Be3 fxe4 13. Nxe4 Ng4 14. Bxg5 hxg5 15. Nxg5 Qg6 16. Nde6 Bxe6 17. Nxe6 Rf6 18. Nf4 Rxf4 19. gxf4 Rf8 20. h3 Nh6 21. Qf3 Nc5 22. Rae1 Nf5 23. b4 Na6 24. a3 Nh4 25. Qg3 Rxf4 26. Rxe7 Qxg3 27. fxg3 Rxf1+ 28. Bxf1 Nf5 29. Re8+ Kf7 30. Rc8 Bd4+ 31. Kh2 Be5 32. c5 Bxg3+ 33. Kg1 Be5 34. Bxa6 bxa6 35. Rxc7+ Kf6 36. c6 Bd4+ 37. Kh1 Bb6 38. Rd7 Ne7 39. Rxd6+ Kg5 40. Re6 Nf5 41. d6 Kf4 42. Rf6 1-0

[Event "Delft Prinsenstad op-A 7th"]
[Site "Delft"]
[Date "2014.04.19"]
[Round "4"]
[White "Van Oosterom, Chiel"]
[Black "Cebula, Jerzy"]
[Result "1-0"]
[WhiteElo "2392"]
[BlackElo "1998"]
[PlyCount "69"]
[EventDate "2014.04.18"]
[EventType "swiss"]
[EventRounds "6"]
[EventCountry "NED"]
[SourceTitle "CBM 159 Extra"]
[Source "ChessBase"]
[SourceDate "2014.04.24"]
[SourceVersion "1"]
[SourceVersionDate "2014.04.24"]
[SourceQuality "1"]

1. e4 e5 2. Nf3 Nc6 3. Bb5 Nd4 4. Nxd4 exd4 5. Qe2 c6 6. Bc4 d6 7. c3 b5 8. Bb3 Qb6 9. cxd4 Qxd4 10. d3 Nf6 11. Be3 Qb4+ 12. Nd2 Be7 13. a3 Qa5 14. h3 0-0 15. 0-0 Be6 16. Bxe6 fxe6 17. Nf3 Nd7 18. Nd4 Bf6 19. Nxc6 Qa4 20. Rac1 Rfc8 21. d4 a5 22. Qg4 Re8 23. Rfd1 b4 24. axb4 axb4 25. Qg3 e5 26. d5 Qb3 27. Qg4 Nf8 28. Bd2 Qxb2 29. Bxb4 Ra2 30. Rf1 Ng6 31. g3 Rf8 32. Bxd6 Rf7 33. Rb1 Qc2 34. Rb8+ Nf8 35. Bxf8 1-0

[Event "NED-chT 1314"]
[Site "Netherlands"]
[Date "2014.03.29"]
[Round "7.5"]
[White "Pel, Bonno"]
[Black "Van Oosterom, Chiel"]
[Result "0-1"]
[WhiteElo "2284"]
[BlackElo "2380"]
[PlyCount "52"]
[EventDate "2013.09.21"]
[EventType "team-tourn"]
[EventRounds "9"]
[EventCountry "NED"]
[SourceTitle "EXT 2015"]
[Source "ChessBase"]
[SourceDate "2014.11.20"]
[SourceVersion "1"]
[SourceVersionDate "2014.11.20"]
[SourceQuality "1"]
[WhiteTeam "Groningen"]
[BlackTeam "Utrecht"]
[WhiteTeamCountry "NED"]
[BlackTeamCountry "NED"]

1. g3 c5 2. Bg2 Nc6 3. d3 g6 4. f4 Bg7 5. Nf3 d6 6. 0-0 e6 7. e4 Nge7 8. Nc3 0-0 9. h3 b6 10. g4 f5 11. Qe1 Qd7 12. Kh2 Bb7 13. gxf5 exf5 14. h4 Rae8 15. Qg3 Kh8 16. Bh3 Nd4 17. Rf2 Qd8 18. Bg2 Ng8 19. Nxd4 cxd4 20. Nd5 Nh6 21. Bf3 fxe4 22. dxe4 Bxd5 23. exd5 Nf5 24. Qh3 Qxh4 25. Qxh4 Nxh4 26. Bd2 Nxf3+ 0-1

[Event "NED-chT 1314"]
[Site "Netherlands"]
[Date "2014.01.04"]
[Round "4.1"]
[White "Van Oosterom, Chiel"]
[Black "Nijboer, Friso"]
[Result "1-0"]
[WhiteElo "2380"]
[BlackElo "2530"]
[PlyCount "71"]
[EventDate "2013.09.21"]
[EventType "team-tourn"]
[EventRounds "9"]
[EventCountry "NED"]
[SourceTitle "EXT 2015"]
[Source "ChessBase"]
[SourceDate "2014.11.20"]
[SourceVersion "1"]
[SourceVersionDate "2014.11.20"]
[SourceQuality "1"]
[WhiteTeam "Utrecht"]
[BlackTeam "En Passant"]
[WhiteTeamCountry "NED"]
[BlackTeamCountry "NED"]

1. c4 f5 2. g3 Nf6 3. Bg2 g6 4. Nc3 Bg7 5. Nf3 0-0 6. 0-0 d6 7. d4 c6 8. Re1 Na6 9. a3 Nc7 10. Qc2 Nh5 11. e3 e5 12. dxe5 dxe5 13. b4 Be6 14. Nd2 Qe7 15. Bb2 a5 16. b5 cxb5 17. cxb5 e4 18. Bf1 Rac8 19. Rac1 Qf7 20. Qb1 Nf6 21. Na4 Rcd8 22. Nc4 g5 23. Ne5 Qe7 24. b6 Ncd5 25. Bd4 Bc8 26. Qb2 Rfe8 27. Bb5 Nd7 28. Nc4 N5f6 29. Nxa5 Kh8 30. Rc7 Qd6 31. Rec1 f4 32. Bxd7 Bxd7 33. Nxb7 Qe6 34. Nxd8 Qh3 35. Nf7+ Kg8 36. Nxg5 1-0

[Event "Roosendaal LBV op-A"]
[Site "Roosendaal"]
[Date "2012.08.18"]
[Round "4"]
[White "Sziva, Erika"]
[Black "Van Oosterom, Chiel"]
[Result "0-1"]
[WhiteElo "2268"]
[BlackElo "2384"]
[PlyCount "128"]
[EventDate "2012.08.16"]
[EventType "swiss"]
[EventRounds "6"]
[EventCountry "NED"]
[SourceTitle "CBM 150 Extra"]
[Source "ChessBase"]
[SourceDate "2012.10.19"]
[SourceVersion "1"]
[SourceVersionDate "2012.10.19"]
[SourceQuality "1"]

1. e4 c5 2. Nf3 d6 3. d4 cxd4 4. Nxd4 Nf6 5. Nc3 a6 6. Be2 e5 7. Nb3 Be7 8. 0-0 0-0 9. a4 Be6 10. f4 exf4 11. Bxf4 Nc6 12. Kh1 d5 13. e5 Nd7 14. Nxd5 Ndxe5 15. Nxe7+ Qxe7 16. Nd4 Rad8 17. Nxc6 Nxc6 18. Qe1 Nb4 19. Rc1 Bd5 20. Bf3 Qxe1 21. Rfxe1 Bxf3 22. gxf3 Rd4 23. Be5 Rc4 24. Bd6 Rfc8 25. Bxb4 Rxb4 26. b3 g6 27. Re3 Rd4 28. Re2 Rc3 29. Kg2 Rd5 30. Rf1 Rg5+ 31. Kf2 Rgc5 32. Rd1 Rxc2 33. Rd7 Rc7 34. Rxc2 Rxd7 35. Ke3 Kg7 36. Rc5 Kf6 37. b4 Ke6 38. h4 Kd6 39. Rc4 Re7+ 40. Kf4 Re5 41. a5 Rf5+ 42. Ke4 h5 43. Ke3 Re5+ 44. Kf4 f6 45. Kg3 Rb5 46. Kf4 Re5 47. Kg3 Re3 48. Kf4 Rb3 49. Ke4 f5+ 50. Kf4 Kd5 51. Rc5+ Kd4 52. Rc7 Rxb4 53. Rg7 Kd3+ 54. Kg5 Ke3 55. Rxg6 Kxf3 56. Kxh5 f4 57. Rg7 Rb5+ 58. Kh6 Ke4 59. Re7+ Kf5 60. h5 Kg4 61. Rg7+ Kh4 62. Rf7 Rxh5+ 63. Kg6 Kg4 64. Rxb7 Rxa5 0-1

[Event "Roosendaal LBV op-A"]
[Site "Roosendaal"]
[Date "2012.08.18"]
[Round "5"]
[White "Van Oosterom, Chiel"]
[Black "De Jong, Jan Willem"]
[Result "1/2-1/2"]
[WhiteElo "2384"]
[BlackElo "2441"]
[PlyCount "134"]
[EventDate "2012.08.16"]
[EventType "swiss"]
[EventRounds "6"]
[EventCountry "NED"]
[SourceTitle "CBM 150 Extra"]
[Source "ChessBase"]
[SourceDate "2012.10.19"]
[SourceVersion "1"]
[SourceVersionDate "2012.10.19"]
[SourceQuality "1"]

1. e4 e5 2. Nf3 Nc6 3. Bb5 a6 4. Ba4 Nf6 5. 0-0 Be7 6. d3 d6 7. c3 0-0 8. Nbd2 b5 9. Bc2 Nb8 10. Qe2 Nbd7 11. Rd1 Re8 12. Nf1 Bf8 13. h3 g6 14. Ng3 Bb7 15. Nh2 d5 16. Ng4 Nxg4 17. Qxg4 Qe7 18. Nf5 Qe6 19. Nh6+ Kg7 20. f4 Qxg4 21. Nxg4 exf4 22. Bxf4 h5 23. Nf2 dxe4 24. Nxe4 f5 25. Nf2 Re2 26. Rd2 Rae8 27. Kf1 Rxd2 28. Bxd2 Nb6 29. Re1 Rxe1+ 30. Bxe1 Nd5 31. Bd2 Bd6 32. Bb3 h4 33. c4 Bf4 34. Bc3+ Nxc3 35. bxc3 bxc4 36. Bxc4 a5 37. d4 Kf6 38. Nd3 Bd2 39. Nc5 Bc6 40. d5 Be8 41. Ne6 Bxc3 42. Nxc7 Bf7 43. Bb3 Bb4 44. Ke2 g5 45. Ne6 g4 46. Nd4 Be8 47. Nc6 Bf7 48. a3 Bxa3 49. Nxa5 Bd6 50. Nc6 Bh5 51. Kf1 gxh3 52. gxh3 Bf3 53. Bc4 Be4 54. Nd4 Ke5 55. Ne6 Be7 56. Kf2 Bd6 57. Ng5 Bc5+ 58. Ke2 Kd4 59. Nxe4 Kxc4 60. Ng5 Kxd5 61. Nf3 Be7 62. Ke3 Ke6 63. Nd4+ Kf6 64. Kf3 Bc5 65. Nxf5 Kxf5 66. Kg2 Kf4 67. Kh1 Kg3 1/2-1/2

[Event "Roosendaal LBV op-A"]
[Site "Roosendaal"]
[Date "2012.08.17"]
[Round "2"]
[White "L'Ami, Erwin"]
[Black "Van Oosterom, Chiel"]
[Result "0-1"]
[WhiteElo "2628"]
[BlackElo "2384"]
[PlyCount "70"]
[EventDate "2012.08.16"]
[EventType "swiss"]
[EventRounds "6"]
[EventCountry "NED"]
[SourceTitle "CBM 150 Extra"]
[Source "ChessBase"]
[SourceDate "2012.10.19"]
[SourceVersion "1"]
[SourceVersionDate "2012.10.19"]
[SourceQuality "1"]

1. d4 f5 2. Nc3 Nf6 3. Bg5 d5 4. e3 Be6 5. Bd3 Nbd7 6. Qf3 g6 7. Nge2 c6 8. h3 Bg7 9. g4 fxg4 10. hxg4 Bxg4 11. Qg3 0-0 12. f3 Be6 13. Bh6 Rf7 14. Nf4 Nf8 15. 0-0-0 Qd6 16. Rdg1 Bd7 17. Qh4 Ne8 18. Bxg7 Rxg7 19. Rg5 Qf6 20. Rhg1 Ne6 21. Nxe6 Bxe6 22. f4 Nd6 23. Qh2 Bf5 24. Ne2 Rf8 25. Ng3 Qe6 26. Kd2 Bxd3 27. cxd3 Nf7 28. Re5 Nxe5 29. dxe5 d4 30. exd4 Rxf4 31. Nh5 gxh5 32. Rxg7+ Kxg7 33. Qxf4 Qh6 34. Ke3 Qxf4+ 35. Kxf4 Kf7 0-1

[Event "Amsterdam Science Park op-A 2nd"]
[Site "Amsterdam"]
[Date "2012.07.18"]
[Round "5"]
[White "Van Oosterom, Chiel"]
[Black "Visser, Henk Jan"]
[Result "1-0"]
[WhiteElo "2385"]
[BlackElo "2246"]
[PlyCount "93"]
[EventDate "2012.07.14"]
[EventType "swiss"]
[EventRounds "9"]
[EventCountry "NED"]
[SourceTitle "CBM 149 Extra"]
[Source "ChessBase"]
[SourceDate "2012.08.24"]
[SourceVersion "1"]
[SourceVersionDate "2012.08.24"]
[SourceQuality "1"]

1. c4 e5 2. g3 Nf6 3. Bg2 d5 4. cxd5 Nxd5 5. Nc3 Nb6 6. Nf3 Nc6 7. 0-0 Be7 8. a3 0-0 9. b4 Be6 10. d3 f6 11. Bb2 a5 12. b5 Nd4 13. Nd2 Qc8 14. e3 Nf5 15. Qe2 Rd8 16. Rac1 Nd6 17. Rfe1 Bf8 18. Rc2 a4 19. Rec1 Qd7 20. Nde4 Ne8 21. Rd2 Qe7 22. f4 exf4 23. gxf4 Rd7 24. Nd1 Qd8 25. Ndf2 Bd5 26. Qg4 Ra5 27. Nc5 Bxc5 28. Rxc5 Bxg2 29. Qxg2 Nd5 30. Ng4 b6 31. Rxd5 Rxd5 32. Bxf6 Qd7 33. Bxg7 h5 34. Nh6+ Kh7 35. Qe4+ Rf5 36. Nxf5 Nxg7 37. Nxg7+ Kxg7 38. Rg2+ Kf8 39. Qb4+ Qd6 40. Qxd6+ cxd6 41. Rg5 Ra7 42. Rxh5 Rc7 43. Rh8+ Kg7 44. Ra8 Rc3 45. Rxa4 Rxd3 46. Kf2 Rd2+ 47. Kg3 1-0

[Event "Haarlem Nova College op 11th"]
[Site "Haarlem"]
[Date "2012.07.08"]
[Round "4"]
[White "Van Kampen, Robin"]
[Black "Van Oosterom, Chiel"]
[Result "1/2-1/2"]
[WhiteElo "2560"]
[BlackElo "2385"]
[PlyCount "70"]
[EventDate "2012.07.06"]
[EventType "swiss"]
[EventRounds "6"]
[EventCountry "NED"]
[SourceTitle "CBM 149 Extra"]
[Source "ChessBase"]
[SourceDate "2012.08.24"]
[SourceVersion "1"]
[SourceVersionDate "2012.08.24"]
[SourceQuality "1"]

1. e4 c5 2. Nf3 d6 3. d4 cxd4 4. Nxd4 Nf6 5. Nc3 a6 6. Be3 e6 7. g4 e5 8. Nf5 h5 9. g5 Nxe4 10. Nxg7+ Bxg7 11. Nxe4 d5 12. Ng3 d4 13. Bd2 Qd5 14. c4 Qc6 15. Bd3 h4 16. Be4 hxg3 17. Bxc6+ Nxc6 18. fxg3 e4 19. Qe2 e3 20. Bxe3 dxe3 21. Qxe3+ Be6 22. 0-0-0 0-0 23. b3 a5 24. a4 Nb4 25. Rhf1 b5 26. Rf6 Rfe8 27. Qf3 bxc4 28. Rxe6 fxe6 29. Rd7 Rf8 30. Qe2 Nd3+ 31. Rxd3 cxd3 32. Qxe6+ Kh8 33. Qh3+ Kg8 34. Qe6+ Kh8 35. Qh3+ Kg8 1/2-1/2

[Event "NED-chT 1112"]
[Site "Netherlands"]
[Date "2012.04.22"]
[Round "9.3"]
[White "Van Oosterom, Chiel"]
[Black "Sprenger, Jan Michael"]
[Result "1/2-1/2"]
[WhiteElo "2389"]
[BlackElo "2515"]
[PlyCount "69"]
[EventDate "2011.09.17"]
[EventType "team-tourn"]
[EventRounds "9"]
[EventCountry "NED"]
[SourceTitle "EXT 2013"]
[Source "ChessBase"]
[SourceDate "2012.11.22"]
[SourceVersion "1"]
[SourceVersionDate "2012.11.22"]
[SourceQuality "1"]
[WhiteTeam "Utrecht"]
[BlackTeam "De Stukkenjagers"]
[WhiteTeamCountry "NED"]
[BlackTeamCountry "NED"]

1. e4 c5 2. c3 d5 3. exd5 Qxd5 4. d4 Nf6 5. Nf3 e6 6. Be3 cxd4 7. cxd4 Bb4+ 8. Nc3 0-0 9. Bd3 b6 10. 0-0 Bxc3 11. bxc3 Ba6 12. Bxa6 Nxa6 13. Qe2 Nb8 14. c4 Qe4 15. Rab1 Rc8 16. a4 Nbd7 17. a5 Rc7 18. axb6 axb6 19. Rb2 h6 20. Rfb1 Ra2 21. Nd2 Rxb2 22. Rxb2 Qa8 23. h3 Ra7 24. Qd3 Ra1+ 25. Rb1 Rxb1+ 26. Qxb1 Qa4 27. Qb3 Qxb3 28. Nxb3 Kf8 29. Kf1 Ke7 30. Ke2 Kd6 31. Kd3 Kc6 32. Kc3 Ne4+ 33. Kd3 Nef6 34. Kc3 Ne4+ 35. Kd3 1/2-1/2

[Event "Delft Prinsenstad op-A"]
[Site "Delft"]
[Date "2012.04.07"]
[Round "2"]
[White "Andersson, Ulf"]
[Black "Van Oosterom, Chiel"]
[Result "1-0"]
[WhiteElo "2571"]
[BlackElo "2383"]
[PlyCount "67"]
[EventDate "2012.04.06"]
[EventType "swiss"]
[EventRounds "6"]
[EventCountry "NED"]
[SourceTitle "CBM 147 Extra"]
[Source "ChessBase"]
[SourceDate "2012.04.24"]
[SourceVersion "1"]
[SourceVersionDate "2012.04.24"]
[SourceQuality "1"]

1. Nf3 f5 2. d4 Nf6 3. g3 g6 4. Bg2 Bg7 5. 0-0 0-0 6. c4 d6 7. Nc3 c6 8. d5 Bd7 9. e4 fxe4 10. Ng5 Na6 11. Ngxe4 Nxe4 12. Nxe4 c5 13. Rb1 b5 14. b3 Rb8 15. Bg5 h6 16. Bd2 Qe8 17. Qc1 Kh7 18. Bc3 Qf7 19. Qd2 Bf5 20. Rbe1 bxc4 21. bxc4 Rb7 22. h3 Nb8 23. g4 Bxe4 24. Rxe4 Bxc3 25. Qxc3 Qg7 26. Qe3 Rf7 27. Re1 Nd7 28. Rxe7 Ne5 29. Rxb7 Rxb7 30. Qe4 Rb4 31. Bf1 Ra4 32. f4 Nd7 33. Qe7 Nb6 34. Qd8 1-0